| 000 | 00685nam a22002657a 4500 | ||
|---|---|---|---|
| 005 | 20170908133544.0 | ||
| 008 | 170822b xxu||||| |||| 00| 0 spa d | ||
| 020 | _a9789930957240 | ||
| 041 | _aeng | ||
| 082 | _a972.866 H557c | ||
| 100 |
_aHernández, Mireya _944129 |
||
| 245 | _aGuanacaste:sesquicentenario de la Anexión | ||
| 260 | _aCosta Rica | ||
| 260 | _aRevista de Universidad | ||
| 260 | _c1974 | ||
| 300 | _a219 páginas | ||
| 650 |
_aCOSTA RICA _944130 |
||
| 650 |
_aGUANACASTE _91778 |
||
| 650 |
_aHISTORIA _943 |
||
| 650 |
_aSOCIOLOGIA _92488 |
||
| 650 |
_aTEMPLOS _912880 |
||
| 650 |
_aMINAS DE ABANGARES _944131 |
||
| 650 |
_aCULTURA _91093 |
||
| 942 | _cBK | ||
| 999 |
_c9840 _d9840 |
||